[Event "GER-ch Net Amateur Gr-B Vor3"]
[Site "Playchess.com INT"]
[Date "2020.04.16"]
[Round "8"]
[White "Vassiliou, Leander"]
[Black "Drescher, Werner"]
[Result "1/2-1/2"]
[WhiteElo "1330"]
[BlackElo "1478"]
[PlyCount "69"]
[EventDate "2020.04.16"]
[EventType "swiss (blitz)"]
[EventRounds "9"]
[EventCountry "GER"]
[SourceTitle "CBM 195 Extra"]
[Source "ChessBase"]
[SourceDate "2020.05.31"]
[SourceVersion "1"]
[SourceVersionDate "2020.05.31"]
[SourceQuality "1"]

1. e4 Nf6 2. e5 Nd5 3. c4 Nb6 4. d4 d6 5. exd6 exd6 6. Nc3 Be7 7. Nf3 Bg4 8. Be2 0-0 9. Be3 Nc6 10. 0-0 Bf6 11. b3 Re8 12. h3 Bh5 13. Qd2 a5 14. d5 Nb4 15. Bxb6 cxb6 16. a3 Na6 17. Nd4 Bxe2 18. Ncxe2 Nc5 19. b4 axb4 20. axb4 Rxa1 21. Rxa1 Ne4 22. Qd3 Qe7 23. Re1 Qe5 24. Nb5 Ng5 25. f4 Qb2 26. fxg5 Bxg5 27. Nxd6 Re3 28. Qf5 h6 29. Qxf7+ Kh8 30. Qf8+ Kh7 31. Qf5+ Kh8 32. Nf7+ Kg8 33. Qc8+ Kxf7 34. Qd7+ Kg8 35. Qc8+ 1/2-1/2

[Event "GER-ch Net Amateur Gr-B Vor3"]
[Site "Playchess.com INT"]
[Date "2020.04.16"]
[Round "5"]
[White "Vassiliou, Leander"]
[Black "Udelnov, Valentin"]
[Result "1-0"]
[WhiteElo "1319"]
[BlackElo "1540"]
[PlyCount "165"]
[EventDate "2020.04.16"]
[EventType "swiss (blitz)"]
[EventRounds "9"]
[EventCountry "GER"]
[SourceTitle "CBM 195 Extra"]
[Source "ChessBase"]
[SourceDate "2020.05.31"]
[SourceVersion "1"]
[SourceVersionDate "2020.05.31"]
[SourceQuality "1"]

1. e4 e5 2. Nf3 Nc6 3. d4 exd4 4. Nxd4 Nf6 5. Nc3 Bc5 6. Be3 0-0 7. Nxc6 dxc6 8. Bxc5 Re8 9. Qxd8 Rxd8 10. Bd3 b6 11. Be3 Ng4 12. Bf4 Be6 13. h3 Nf6 14. 0-0 Rd7 15. Rfe1 Rc8 16. e5 Nd5 17. Nxd5 cxd5 18. Bb5 c6 19. Bd3 c5 20. c3 Rdc7 21. Rad1 Rb8 22. Bf5 b5 23. Bxe6 fxe6 24. b3 a5 25. Bg3 Rcb7 26. a3 Rc7 27. Rc1 Rbc8 28. Bf4 h6 29. h4 Kf7 30. g3 Ra8 31. b4 axb4 32. axb4 c4 33. Ra1 Rca7 34. Rxa7+ Rxa7 35. Rc1 Ra2 36. Kg2 Kg6 37. Kh3 h5 38. g4 hxg4+ 39. Kxg4 Rxf2 40. h5+ Kf7 41. Kg3 Ra2 42. Kg4 g6 43. h6 Kg8 44. Kg5 Kh7 45. Kf6 Rf2 46. Kxe6 Rxf4 47. Kd6 Kxh6 48. e6 Kg7 49. Kd7 Re4 50. e7 Kf7 51. Rf1+ Kg7 52. e8Q Rxe8 53. Kxe8 g5 54. Rg1 Kh6 55. Ke7 Kh5 56. Kf6 g4 57. Kf5 Kh4 58. Rxg4+ Kh3 59. Rg7 Kh2 60. Kf4 d4 61. Kf3 dxc3 62. Rg2+ Kh3 63. Rc2 Kh4 64. Rxc3 Kg5 65. Ke4 Kg4 66. Kd5 Kf5 67. Kc5 Ke5 68. Kxb5 Kd4 69. Rxc4+ Kd5 70. Rc5+ Kd6 71. Kb6 Kd7 72. b5 Kd6 73. Ka7 Kxc5 74. b6 Kb4 75. b7 Ka3 76. b8Q Ka4 77. Qb6 Ka3 78. Kb7 Ka4 79. Kc6 Ka3 80. Kc5 Ka2 81. Kc4 Ka1 82. Kc3 Ka2 83. Qb2# 1-0

[Event "GER-ch Net Amateur Gr-B Vor2"]
[Site "Playchess.com INT"]
[Date "2020.04.15"]
[Round "7"]
[White "Atze, Burkhard"]
[Black "Vassiliou, Leander"]
[Result "0-1"]
[WhiteElo "1534"]
[BlackElo "1289"]
[PlyCount "54"]
[EventDate "2020.04.15"]
[EventType "swiss (blitz)"]
[EventRounds "9"]
[EventCountry "GER"]
[SourceTitle "CBM 196 Extra"]
[Source "ChessBase"]
[SourceDate "2020.07.31"]
[SourceVersion "1"]
[SourceVersionDate "2020.07.31"]
[SourceQuality "1"]

1. e4 c5 2. Nf3 e6 3. c3 d5 4. Bb5+ Bd7 5. Bxd7+ Qxd7 6. exd5 exd5 7. 0-0 Be7 8. Re1 Nf6 9. d4 c4 10. Ne5 Qd6 11. Bg5 0-0 12. Nd2 h6 13. Bxf6 Bxf6 14. Ndf3 Nd7 15. Qd2 Nxe5 16. dxe5 Bxe5 17. Nxe5 Rfe8 18. Nf3 Rad8 19. Nd4 a6 20. Rxe8+ Rxe8 21. Re1 Rxe1+ 22. Qxe1 b5 23. g3 Qf6 24. Qe8+ Kh7 25. Qc6 Qg5 26. Qxa6 Qe7 27. Qa7 Qxa7 0-1

[Event "GER-ch Net Amateur Gr-B Vor1"]
[Site "Playchess.com INT"]
[Date "2020.04.14"]
[Round "3"]
[White "Vassiliou, Leander"]
[Black "Thielscher, Rene"]
[Result "0-1"]
[WhiteElo "1620"]
[BlackElo "1486"]
[PlyCount "130"]
[EventDate "2020.04.14"]
[EventType "swiss (blitz)"]
[EventRounds "9"]
[EventCountry "GER"]
[SourceTitle "EXT 2021"]
[Source "ChessBase"]
[SourceDate "2020.10.23"]
[SourceVersion "1"]
[SourceVersionDate "2020.10.23"]
[SourceQuality "1"]

1. e4 Nf6 2. e5 Nd5 3. Bc4 e6 4. Bxd5 exd5 5. d4 d6 6. Be3 dxe5 7. dxe5 Be6 8. Nf3 Be7 9. 0-0 0-0 10. Nbd2 c5 11. Nb3 b6 12. c3 Nc6 13. Qc2 Qd7 14. Rad1 Bf5 15. Qe2 Bg4 16. h3 Be6 17. Ng5 h6 18. Nxe6 fxe6 19. Qd2 Kh7 20. Qc2+ g6 21. Qd2 g5 22. Qc2+ Kg7 23. c4 d4 24. Qe2 Nxe5 25. Qh5 Qe8 26. Qxe8 Raxe8 27. Bd2 Ng6 28. Nc1 Bd6 29. Nd3 e5 30. f3 Re6 31. Rde1 Rfe8 32. b3 e4 33. fxe4 Rxe4 34. Rxe4 Rxe4 35. Kh1 Bf4 36. Bxf4 Nxf4 37. Nxf4 gxf4 38. Rd1 Kf6 39. Kg1 Kf5 40. Kf2 Re3 41. Rd2 Ke4 42. h4 h5 43. Rd1 d3 44. Rd2 Kd4 45. a3 a5 46. g4 hxg4 47. h5 Rh3 48. h6 Rxh6 49. Kg2 Rh3 50. Rd1 f3+ 51. Kf2 Rh2+ 52. Kg1 Rg2+ 53. Kf1 Kc3 54. Re1 d2 55. a4 dxe1Q+ 56. Kxe1 Kxb3 57. Kf1 Kxc4 58. Ke1 Kb4 59. Kd1 Kxa4 60. Ke1 Kb4 61. Kd1 Kc3 62. Ke1 Kd3 63. Kf1 a4 64. Ke1 a3 65. Kd1 Rg1# 0-1

[Event "GER-ch Net Amateur Gr-B Vor1"]
[Site "Playchess.com INT"]
[Date "2020.04.14"]
[Round "8"]
[White "Vassiliou, Leander"]
[Black "Watermann, Bernd"]
[Result "0-1"]
[WhiteElo "1435"]
[BlackElo "1551"]
[PlyCount "54"]
[EventDate "2020.04.14"]
[EventType "swiss (blitz)"]
[EventRounds "9"]
[EventCountry "GER"]
[SourceTitle "EXT 2021"]
[Source "ChessBase"]
[SourceDate "2020.10.23"]
[SourceVersion "1"]
[SourceVersionDate "2020.10.23"]
[SourceQuality "1"]

1. e4 e6 2. d4 d5 3. exd5 exd5 4. Nc3 Bd6 5. Bd3 c6 6. Nf3 Ne7 7. 0-0 Bf5 8. Bxf5 Nxf5 9. Re1+ Ne7 10. Bg5 f6 11. Bh4 0-0 12. Qd3 Ng6 13. Rad1 Nd7 14. Bg3 Bxg3 15. hxg3 Re8 16. Nh4 Ndf8 17. Nf5 Qd7 18. Ne3 Re6 19. Na4 b6 20. c4 Rae8 21. c5 b5 22. Nc3 a5 23. a3 Ne7 24. Nf5 Nxf5 25. Qxf5 Rxe1+ 26. Rxe1 Rxe1+ 27. Kh2 Qxf5 0-1